UFC : Tout les combats de Benoît Saint-Denis - Statistiques

Statistiques générales
  • Ce quiz a été pris 106 fois
    12 depuis la dernière actualisation
  • Le résultat moyen est 8 sur 12
Statistiques - réponses
Événement Résultat (V-D) Combattant % Correct
UFC 325 V - TKO Dan Hooker
100%
UFC 299 D - KO Dustin Poirier
100%
UFC 322 V - KO Beneil Dariush
91%
UFC Fight Night 243 D - TKO Renato Moicano
91%
UFC on ESPN : Strickland vs Magomedov V - Soumission Ismael Bonfim
82%
UFC 315 V - Soumission Kyle Prepolec
73%
UFC Fight Night Paris V - Soumission Mauricio Ruffy
73%
UFC 295 V - KO Matt Frevola
64%
UFC 267 D - Décision Unanime Elizeu Zaleski dos Santos
36%
UFC Fight Night : Gane vs Tuivasa V - TKO Gabriel Miranda
36%
UFC Fight Night : Gane vs Spivac V - TKO Thiago Moisés
36%
UFC Fight Night : Volkov vs Rozenstruik V - Soumission Niklas Stolze
9%
Aucun quiz correspondant
Distribution des résultats
% des personnes avec chaque résultat
Percentile par nombre de réponses
Votre historique - résultats
Vous n’avez pas pris ce quiz depuis la dernière actualisation